| 000 | 00000nam 22000008a 4500 |
| 001 | 9.838919 |
| 003 | CaOODSP |
| 005 | 20221107151506 |
| 007 | cr ||||||||||| |
| 008 | 170804s1967 onc o| f000 0 eng d |
| 040 | |aCaOODSP|beng |
| 043 | |an-cn-on |
| 086 | 1 |aR44-47/1967E-PDF |
| 100 | 1 |aBond, J. Jameson. |
| 245 | 12|aA report on the pilot relocation project at Elliot Lake, Ontario |h[electronic resource] / |cJ. Jameson Bond. |
| 260 | |aOttawa : |bIndian Affairs Branch, Department of Indian Affairs and Northern Development, |c1967. |
| 300 | |aix, 46 p. |
| 500 | |a"December 1967." |
| 500 | |aDigitized edition from print [produced by Indigenous and Northern Affairs Canada]. |
| 504 | |aIncludes bibliographical references. |
| 692 | 07|2gccst|aAboriginal peoples |
| 692 | 07|2gccst|aMigration |
| 710 | 1 |aCanada. |bDepartment of Indian Affairs and Northern Development. |
| 710 | 1 |aCanada. |bIndigenous and Northern Affairs Canada. |
| 856 | 40|qPDF|s4.47 MB|uhttps://publications.gc.ca/collections/collection_2017/aanc-inac/R44-47-1967-eng.pdf |